000 00857nam a2200253Ia 4500
003 OSt
005 20221005112910.0
006 a|||||r|||| 00| 0
007 ta
008 221004b |||||||| |||| 00| 0 pan d
020 _c200
024 _a11585
037 _b823, 13/03/2014, H.K. Prakashan
_cTextual
040 _aCRL
_cCRL
_bpan
041 _2pan
_apan
082 _aO153,1NRA,LP, Q2
100 _aਸੈ੍ਵਭੀ, ਹਰਭਜਨ ਸਿੰਘ
245 0 _aਲੂਣਾ ਪਿੰਡਾ
260 _aਦਿੱਲੀ
_bਹਰਭਜਨ ਸਿਘ ਖ਼ੁੱਲ ਭਾਰਤ
_c2012
300 _a112ਪੰ
_ccm.
650 _aਪੰਜਾਬੀ ਸਾਹਿਤ
942 _hO153,1NRA,LP, Q2
_cTEXL
_2cc
999 _c1026363
_d1026363